La reforma gubernamental

Guardat en:
Dades bibliogràfiques
Autor principal: Blum, León (Autor)
Format: Llibre
Idioma:espanyol
Publicat: Madrid Tecnos 1996
Col·lecció:Coleccción Clásicos del Pensamiento, 114
Matèries:
Etiquetes: Afegir etiqueta
Sense etiquetes, Sigues el primer a etiquetar aquest registre!

MARC

LEADER 00000nam a2200000 a 4500
001 UCT4271
003 CL-VaPUC
008 961108e19960000SP |||||||||||||||||spa|d
082 0 4 |a 342  |b BLU  |2 21 
100 0 |a Blum, León  |e author  |9 373501 
245 1 3 |a La reforma gubernamental 
300 |a 202 p 
942 |c BK 
945 |d 19961108 00:00:00  |a nastorga 
260 |a Madrid  |b Tecnos  |c 1996 
650 0 |a Derecho constitucional   |9 222588 
650 7 |a REFORMAS  |2 CL-VaPUC  |9 256195 
650 0 |a Gobierno   |9 255508 
650 0 |a Política  |9 255312 
650 0 |a Poder legislativo  |9 258808 
650 0 |a Poder ejecutivo  |9 255177 
650 7 |a LEGISLACION  |2 CL-VaPUC  |9 373502 
650 0 |a Administración  |9 259325 
583 |a last modification  |c 19961108 00:00:00  |k Rodrigo Vera 
490 0 |a Coleccción Clásicos del Pensamiento, 114 
999 |c 253679  |d 253677 
952 |0 0  |1 0  |4 0  |6 342_000000000000000_BLU_1996  |7 0  |8 DER_TF  |9 274711  |a BIBDER  |b BIBDER  |d 2019-11-19  |i 3249689  |l 1  |o 342 BLU 1996  |p 3249689  |r 2023-01-25  |s 2020-03-17  |w 2019-11-19  |x Ubicación 4to Piso  |y BK  |z Estos recursos deben solicitarse con anticipación  |k DER